00190nam a22000857a 4500082001700000100002200017245003000039260002600069300000900095 a355.02 CHU'B aCHUIKOV, VASILI I aTHE BEGINNING OF THE ROAD aLONDONbPANTHERc1970 a384P